Haiti's predatory republic : (Record no. 11805)
[ view plain ]
| 000 -LEADER | |
|---|---|
| campo de control de longitud fija | 01526cam a22003134a 4500 |
| 001 - NÚMERO DE CONTROL | |
| campo de control | 31155 |
| 005 - FECHA Y HORA DE LA ÚLTIMA TRANSACCIÓN | |
| campo de control | 20230410101649.0 |
| 008 - DATOS DE LONGITUD FIJA--INFORMACIÓN GENERAL | |
| campo de control de longitud fija | 011107s2002 cou b 001 0 eng |
| 035 ## - NÚMERO DE CONTROL DEL SISTEMA | |
| Número de control de sistema | 12582974 |
| 010 ## - NÚMERO DE CONTROL DE LA BIBLIOTECA DEL CONGRESO | |
| Número de control de LC | 2001048934 |
| 020 ## - NÚMERO INTERNACIONAL ESTÁNDAR DEL LIBRO | |
| Número Internacional Estándar del Libro | 1588260607 |
| 020 ## - NÚMERO INTERNACIONAL ESTÁNDAR DEL LIBRO | |
| Número Internacional Estándar del Libro | 1588260852 (pbk.) |
| 040 ## - FUENTE DE CATALOGACIÓN | |
| Centro catalogador/agencia de origen | DLC |
| Centro/agencia transcriptor | DLC |
| Centro/agencia modificador | DLC |
| 042 ## - CÓDIGO DE AUTENTICACIÓN | |
| Código de autenticación | pcc |
| 043 ## - CÓDIGO DE ÁREA GEOGRÁFICA | |
| Código de área geográfica | nwht--- |
| 050 14 - SIGNATURA TOPOGRÁFICA DE LA BIBLIOTECA DEL CONGRESO | |
| Número de clasificación | 110 F 1928.2 |
| Número de ítem | F254h 2002 |
| 082 00 - NÚMERO DE LA CLASIFICACIÓN DECIMAL DEWEY | |
| Número de clasificación | 972.9407/3 |
| 100 1# - ENTRADA PRINCIPAL--NOMBRE DE PERSONA | |
| Nombre de persona | Fatton, Robert. |
| 245 10 - MENCIÓN DEL TÍTULO | |
| Título | Haiti's predatory republic : |
| Resto del título | the unending transition to democracy / |
| Mención de responsabilidad, etc. | Robert Fatton, Jr. |
| 260 ## - PUBLICACIÓN, DISTRIBUCIÓN, ETC. | |
| Lugar de publicación, distribución, etc. | Boulder, Co. : |
| Nombre del editor, distribuidor, etc. | Lynne Rienner Publishers, |
| Fecha de publicación, distribución, etc. | c2002. |
| 300 ## - DESCRIPCIÓN FÍSICA | |
| Extensión | xiv, 237 p. ; |
| Dimensiones | 24 cm. |
| 504 ## - NOTA DE BIBLIOGRAFÍA, ETC. | |
| Nota de bibliografía, etc. | Includes bibliographical references (p. 217-227) and index. |
| 505 8# - NOTA DE CONTENIDO CON FORMATO | |
| Nota de contenido con formato | Machine generated contents note: Preface ix -- 1 Introduction 1 -- 2 Class, State, and Civil Society in Haiti 27 -- 3 The Fall of Duvalier and the Contradictions -- of Democratization 51 -- 4 The Rise, Fall, and Second Coming of -- Jean-Bertrand Aristide 77 -- 5 The Vicissitudes of Lavalasian Power 107 -- 6 The Antagonistic Present and Future Alternatives 141 -- 7 Toward a Compromise? 177 -- 8 Conclusion 197 -- List of Acronyms 213 -- Glossary 215 -- Bibliography 217 -- Index 229 -- About the Book 237. |
| 651 #0 - PUNTO DE ACCESO ADICIONAL DE MATERIA--NOMBRE GEOGRÁFICO | |
| Nombre geográfico | Haiti |
| Subdivisión general | Politics and government |
| Subdivisión cronológica | 1986- |
| 651 #4 - PUNTO DE ACCESO ADICIONAL DE MATERIA--NOMBRE GEOGRÁFICO | |
| Nombre geográfico | Haiti |
| Subdivisión general | Política y gobierno |
| Subdivisión cronológica | 1986-. |
| 856 41 - LOCALIZACIÓN Y ACCESO ELECTRÓNICOS | |
| Materiales especificados | Table of contents |
| Identificador Uniforme de Recursos | <a href="http://www.loc.gov/catdir/toc/fy022/2001048934.html">http://www.loc.gov/catdir/toc/fy022/2001048934.html</a> |
| 925 0# - | |
| -- | acquire |
| -- | 2 shelf copies |
| -- | policy default |
| 942 ## - ELEMENTOS DE ENTRADA SECUNDARIOS (KOHA) | |
| Fuente del sistema de clasificación o colocación | Clasificación de Library of Congress |
| Tipo de ítem Koha | |
| Estatus retirado | Estado de pérdida | Fuente del sistema de clasificación o colocación | Estado de daño | No para préstamo | Colección | Biblioteca de origen | Biblioteca actual | Ubicación en estantería | Fecha de adquisición | Serial enumeration / chronology | Signatura topográfica completa | Código de barras | Visto por última vez | Copia número | Tipo de ítem Koha |
|---|---|---|---|---|---|---|---|---|---|---|---|---|---|---|---|
| Clasificación de Library of Congress | Recursos Regionales | Biblioteca Juan Bosch | Biblioteca Juan Bosch | Recursos Regionales (2do. Piso) | 10/04/2023 | 1 | 110 F 1928.2 F254h 2002 | 00000034825 | 23/10/2018 | 1 |
